| 000 | 03071cam a22006017i 4500 | ||
|---|---|---|---|
| 003 | PE-LiUPU | ||
| 005 | 20250731173046.0 | ||
| 008 | 170510s2016 mauacf rb 001 0deng d | ||
| 035 | _a(Sirsi) i9781619707733 | ||
| 040 |
_aBTCTA _bspa _erda _cDLC _dBTCTA _dYDXCP _dBDX _dUAB _dYDX _dHNW _dOCLCF _dDTM _dOCLCO _dOCLCQ _dPE-LiUPU |
||
| 020 | _a9781619707733 | ||
| 035 | _a(OCoLC)930257527 | ||
| 050 | 0 | 0 |
_aBV4501.3 _b.B5443 2016 |
| 082 | 0 | 4 |
_a248.4 _bB64 _223 |
| 049 | _aPRUA | ||
| 100 | 1 |
_aBloesch, Donald G., _d1928-2010, _eautor. |
|
| 245 | 1 | 4 |
_aThe paradox of holiness ; _bFaith in search of obedience / _cDonald G. Bloesch. |
| 264 | 1 |
_aPeabody, Massachusetts : _bHendrickson Publishers, _c[2016] |
|
| 300 |
_axxiii, 155, viii, 91 páginas, 16 páginas sin numerar de fotos : _bilustraciones ; _c22 centímetros |
||
| 336 |
_atext _2rdacontent |
||
| 337 |
_aunmediated _2rdamedia |
||
| 338 |
_avolume _2rdacarrier |
||
| 500 | _aIncluye las dos últimas obras del autor sin publicar. | ||
| 504 | _aBibliografía de The paradox of holiness : páginas 120-139. | ||
| 504 | _aBibliografía de Faith in search of obedience : páginas 75-81. | ||
| 520 | _a"The Paradox of Holiness is how to live the spiritual life, and Faith in Search of Obedience is how Bloesch himself sought to live that life."--Jacket. | ||
| 505 | 0 |
_aThe paradox of holiness. _aThe road to holiness -- Faith -- Self-control -- Godly sorrow -- Joy -- Meekness -- Holy boldness -- Long-suffering ; Interior peace -- Wisdom -- Ardor -- Humility -- Generosity -- Piety -- Love. |
|
| 505 | 0 |
_aFaith in search of obedience. _aEarly years -- Education -- Post-doctoral study -- Courtship and marriage -- Years at UDTS -- Mentors -- Publications and lectures -- Christian renewal -- Shifts in thinking -- The reform of the church -- Toward the sanctified life -- Theological identity -- Beyond rationalism and mysticism -- Faith in search of obedience -- The disciplined spirit -- Confronting the adversary -- Compliments of Heaven. |
|
| 526 | _aSEG42 | ||
| 526 | _aSEG41 | ||
| 526 | _aSEG40 | ||
| 526 | _aSEG39 | ||
| 526 | _aP94 | ||
| 526 | _aP87 | ||
| 526 | _aP86 | ||
| 526 | _aP85 | ||
| 526 | _aP77 | ||
| 526 | _aP76 | ||
| 526 | _aP35 | ||
| 600 | 1 | 0 |
_aBloesch, Donald G., _d1928-2010. |
| 650 | 0 | _aVida Cristiana. | |
| 650 | 0 | _aChristian life. | |
| 600 | 1 | 7 |
_aBloesch, Donald G., _d1928-2010. _2fast _0(OCoLC)fst01759738 |
| 650 | 7 |
_aChristian life. _2fast _0(OCoLC)fst00859185 |
|
| 700 | 1 |
_aBloesch, Donald G., _d1928-2010. _tFaith in search of obedience. |
|
| 910 |
_adbm _bjpc _cjpc _d20171201 |
||
| 942 |
_2ddc _cBOOK |
||
| 949 |
_a248.4 B64 _wDEWEY _c1 _i77333 _lCATALOGING _mBUL _p21.37 _r0 _sY _tBOOK _u2017-12-04 _xPOSGRADO _PP85 _0DONACION _o.STAFF. Colección Teología |
||
| 994 |
_aC0 _bPEPRU |
||
| 596 | _a1 | ||
| 999 |
_a248.4 B64 _wDEWEY _c26460 _i77333 _f2021-11-10 _g4 _lCCODEBUL1 _mBUL _p21.37 _r0 _sY _tBOOK _u2017-12-4 _xTEOLOGIA _PP85 _0DONACION _o.STAFF. Colección Teología _d26460 |
||
| 980 |
_81 _gALBERTO SANCHEZ Responsable de Automatización |
||